Island Countries - Statistics

General Stats
  • This quiz has been taken 8 times
  • The average score is 30 of 48
Answers on the Map
Answers color-coded by a green-red scale on the quiz's map according to % correct below.
 
Answer Stats
Answer % Correct
Bahamas
100%
Cuba
100%
Dominican Republic
100%
Iceland
100%
Indonesia
100%
Japan
100%
Madagascar
100%
Papua New Guinea
100%
Seychelles
100%
Sri Lanka
100%
United Kingdom
100%
Jamaica
86%
Kiribati
86%
Maldives
86%
Malta
86%
New Zealand
86%
Philippines
86%
Taiwan
86%
Australia
71%
Cape Verde
71%
Comoros
71%
Haiti
71%
Ireland
71%
Nauru
71%
Sao Tome and Principe
71%
Cyprus
57%
Marshall Islands
57%
Mauritius
57%
Palau
57%
Solomon Islands
57%
Tonga
57%
Tuvalu
57%
Micronesia
43%
Samoa
43%
Timor Leste
43%
Brunei
29%
Fiji
29%
Saint Kitts and Nevis
29%
Singapore
29%
Trinidad and Tobago
29%
Vanuatu
29%
Antigua and Barbuda
14%
Bahrain
14%
Barbados
14%
Dominica
14%
Grenada
14%
Saint Lucia
14%
St Vincent and the Grenadines
14%
No matching quizzes found
Score Distribution
Percent of People with Each Score
Percentile by Number Answered
Your Score History
You have not taken this quiz